A Mirror of Competitive English: (Record no. 209330)

MARC details
000 -LEADER
fixed length control field 00629nam a22002057a 4500
005 - DATE AND TIME OF LATEST TRANSACTION
control field 20250424170802.0
010 ## - LCCN (DPL NO)
LC control number ENG-144748
020 ## - INTERNATIONAL STANDARD BOOK NUMBER
International Standard Book Number 9788196848637
Terms of availability 560.00
035 ## - SYSTEM CONTROL NUMBER
System control number EN-128280
037 ## - SOURCE OF ACQUISITION
Source of stock number/acquisition DBAD
082 ## - DEWEY DECIMAL CLASSIFICATION NUMBER
Classification number 480
100 ## - MAIN ENTRY--PERSONAL NAME
Personal name Ashok Kumar Singh
245 ## - TITLE STATEMENT
Title A Mirror of Competitive English:
Remainder of title Bank Clerk/
Statement of responsibility, etc Ashok Kumar Singh
260 ## - PUBLICATION, DISTRIBUTION, ETC. (IMPRINT)
Place of publication, distribution, etc Noida
Name of publisher, distributor, etc Chronicle Publication
270 ## - ADDRESS
Address A-27D, Sector 16
City Noida
Postal code 201301
Telephone number 0120-2514610/12
Electronic mail address info@chronicleindia.in
300 ## - PHYSICAL DESCRIPTION
Extent 440p.
Dimensions 28cm(pbk)
500 ## - GENERAL NOTE
General note 60 Practice Sets
700 ## - ADDED ENTRY--PERSONAL NAME
Personal name Ojha, N.N.
9 (RLIN) 77953
942 ## - ADDED ENTRY ELEMENTS (KOHA)
Source of classification or shelving scheme Dewey Decimal Classification
Item type English Books
Classification part 480
Call number suffix ASH
Holdings
Withdrawn status Lost status Not for loan Collection code Home library Current library Date acquired Source of acquisition Cost, normal purchase price Full call number Barcode Copy number Cost, replacement price Koha item type
      Non-fiction RC4 Seelam Pur RC4 Seelam Pur 24/04/2025 Delivery of Books Act Division 560.00 480 ASH EN-128280 1 560.00 English Books

© Delhi Public Library
Hit Counter
free hit counter